Statistics for Top 150 College Football Coaches

Click here to take the quiz!

General Stats

  • This quiz has been taken 56 times
  • The average score is 37 of 150

Answer Stats

HintAnswer% Correct
Alabama2Nick Saban
97%
Alabama1Bear Bryant
94%
Penn State7Joe Paterno
81%
Nebraska4Tom Osborne
78%
Florida State8Bobby Bowden
75%
Notre Dame23Lou Holtz
75%
Florida/Ohio St46Urban Meyer
75%
Michigan50Lloyd Carr
72%
Ohio State9Woody Hayes
72%
Oklahoma13Barry Switzer
69%
Oklahoma29Bob Stoops
69%
TCU135Dutch Meyer
69%
Miami49Jimmy Johnson
69%
Georgia Tech102Paul Johnson
69%
USC37Pete Carroll
69%
Florida27Steve Spurrier
69%
UNC/Texas59Mack Brown
67%
Michigan20Bo Schembechler
64%
Clemson31Dabo Swinney
64%
Grambling5Eddie Robinson
58%
USC33John Robinson
58%
Notre Dame3Knute Rockne
58%
Florida State110Jimbo Fisher
56%
Georgia24Vince Dooley
56%
Notre Dame89Brian Kelly
50%
Ohio State35Jim Tressel
50%
Dayton85Mike Kelly
50%
USC80Howard Jones
47%
Notre Dame15Ara Parseghian
44%
Tennessee94Phillip Fulmer
44%
California137Andy Smith
42%
Wittenberg129Bill Edwards
42%
Virginia Tech45Frank Beamer
42%
Pitt/Tennessee62Johnny Majors
42%
BYU22LaVell Edwards
42%
Kansas State55Bill Snyder
39%
Oklahoma6Bud Wilkinson
39%
Georgia136Mark Richt
39%
Wisconsin90Barry Alvarez
36%
Missouri/Notre Dame88Dan Devine
36%
Clemson73Danny Ford
36%
Miami83Dennis Erickson
36%
Alabama123Gene Stallings
36%
LSU140Les Miles
36%
Boise State58Chris Peterson
33%
Texas38Darrell Royal
33%
Washington52Don James
33%
Iowa91Hayden Fry
33%
USC12John McKay
33%
Tennessee36Robert Neyland
33%
Ohio State97John Cooper
31%
Notre Dame10Frank Leahy
28%
Colorado144Bill McCartney
25%
Georgia Tech21Bobby Dodd
25%
Minnesota106Henry Williams
25%
Miami93Howard Schnellenberger
25%
Pittsburgh/Texas A&M116Jackie Sherrill
25%
Georgia Tech30John Heisman
25%
Auburn64Ralph Jordan
25%
Nebraska26Bob Devaney
22%
Arkansas40Frank Broyles
22%
Arizona State43Frank Kush
22%
TCU74Gary Patterson
22%
Virginia61George Welsh
22%
Auburn134Mike Donahue
22%
UCLA66Red Sanders
22%
UCLA84Terry Donahue
22%
Michigan18Fielding Yost
19%
Ole Miss44Johnny Vaught
19%
Auburn119Pat Dye
19%
Pittsburgh11Pop Warner
19%
Houston150Bill Yeoman
17%
West Virginia79Don Nehlen
17%
Michigan State51Duffy Daugherty
17%
Army19Red Blaik
17%
U of Chicago14Amos Alonzo Stagg
14%
Syracuse41Ben Schwartzwalder
14%
LSU96Charlie McClendon
14%
Nevada99Chris Ault
14%
Ohio State107Earl Bruce
14%
Clemson124Frank Howard
14%
Michigan42Fritz Crisler
14%
Pittsburgh32Jock Sutherland
14%
Oregon State/UCLA147Tommy Prothro
14%
Alabama/Duke56Wallace Wade
14%
Oklahoma115Bennie Owen
11%
San Diego St63Don Coryell
11%
Missouri109Don Faurot
11%
Air Force112Fisher DeBerry
11%
Alabama67Frank Thomas
11%
Trinity126Jeff Devanney
11%
Illinois121Robert Zuppke
11%
Delaware25Tubby Raymond
11%
Yale17Walter Camp
11%
Michigan127Bennie Oosterbaan
8%
Minnesota65Bernie Bierman
8%
Augustana81Bob Reade
8%
Michigan State47Clarence Munn
8%
Texas A&M104Dana Bible
8%
Eastern Illinois114Darrell Mudra
8%
Williams138Dick Farley
8%
Georgia Southern100Erk Russell
8%
Colorado87Fred Folsom
8%
Pacific Lutheran39Frosty Westering
8%
Penn70George Woodruff
8%
Washington75Gil Dobie
8%
Florida A&M53Jake Gaither
8%
Appalachian State57Jerry Moore
8%
Maryland82Jim Tatum
8%
St. John's (MN)16John Gagliardi
8%
Mount Union28Larry Kehres
8%
NW Missouri State86Mel Tjeerdsma
8%
Penn State48Rip Engle
8%
Central (IA)77Ron Schipper
8%
Prairie View A&M103Billy Nicks
6%
Tulane128Clark Shaughnessy
6%
Vanderbilt98Dan McGugin
6%
TCU125Francis Schmidt
6%
Penn State120Hugo Bezdek
6%
Ithaca76Jim Butterfield
6%
Delaware149K.C. Keeler
6%
Wisconsin-Whitewater78Lance Leipold
6%
California68Pappy Waldorf
6%
Cincinatti54Sid Gillman
6%
Fordham130Jim Crowley
3%
Eastern Kentucky60Roy Kidd
3%
Central Arkansas108Warren Woodson
3%
Southern34A. W. Mumford
0%
Widener148Bill Manlove
0%
Yale105Carm Cozza
0%
Wittenberg118Dave Maurer
0%
Findlay132Dick Strahm
0%
Bowling Green72Doyt Perry
0%
Morgan State143Earl Banks
0%
Notre Dame95Elmer Layden
0%
Dartmouth101Frank Cavanaugh
0%
Penn142George Munger
0%
Texas A&I133Gill Steinke
0%
Central Michigan141Herb Deromedi
0%
Purdue146Jack Mollenkopf
0%
Notre Dame131Jesse Harper
0%
UC Davis117Jim Sochor
0%
Westminster (PA)69John Fusco
0%
Tennessee State71John Merritt
0%
Alcorn State122Marino Casem
0%
Harvard139Percy Haughton
0%
Wisconsin-LaCrosse92Roger Harring
0%
Maryland State113Vernon McCain
0%
Georgia111Wally Butts
0%
Jackson State145W.C. Gorden
0%

Score Distribution

Percentile by Number Answered

Percent of People with Each Score

Your Score History

You have not taken this quiz